Nazwij państwa po kawałkach ich flag. - Statystyki

Ogólne statystyki
  • Ten quiz został rozwiązany 32 razy
  • Średni wynik to 14 z 16
Statystyki odpowiedzi
Obrazkowy Odpowiedź % Poprawnych
Belgia
100%
Kanada
100%
Grecja
96%
RPA
96%
Turcja
96%
Izrael
93%
Serbia
93%
Urugwaj
93%
USA
93%
Wenezuela
93%
Katar
89%
Kuba
86%
Szwecja
82%
Papua Nowa Gwinea
79%
Uganda
79%
Malta
71%
Nie znaleziono quizów pasujących do podanych kryteriów
Rozkład punktacji
Procent ludzi z każdym wynikiem
Percentyl według liczby udzielonych odpowiedzi
Twoja historia wyników
Nie rozwiązałeś tego quizu